000 00553nam a22001937a 4500
005 20240924083527.0
008 240924b |||||||| |||| 00| 0 eng d
020 _a9780409126709
022 _a0409004480
041 _aEnglish
082 _a349 JOU
100 _lEnglish
245 _aThe Law of South African /
_cWA Joubert and JA Faris
250 _aThird Edition
260 _aDurban:
_bLexisNexis (Pty) Ltd,
_c2015
300 _bvii, 404 pages;
_c26 cm.
650 _aLegal practice
_bLaw
942 _cBK
_6ALISON_BN_VRIES
999 _c3085
_d3085